[Event "Open Ciudad de Sabadell 2009"]
[Site "Sabadell ESP"]
[Date "2009.09.01"]
[Round "1.1"]
[White "Fier, Alexandr"]
[Black "Jareno Badenas, Aleix"]
[Result "1-0"]
[WhiteElo "2644"]
[BlackElo "1924"]
[PlyCount "129"]
[EventDate "2009.09.01"]
[EventType "swiss"]
[EventRounds "9"]
[EventCountry "ESP"]
[Source "lmi"]
[SourceDate "2009.09.01"]

1. d4 Nf6 2. c4 c5 3. d5 b5 4. cxb5 a6 5. bxa6 Bxa6 6. Nc3 d6 7. f4 g6 8. Nf3
Bg7 9. e4 Bxf1 10. Rxf1 O-O 11. Kf2 Nbd7 12. Kg1 Qb6 13. Qe2 Rfb8 14. h3 Ne8
15. Rf2 Nc7 16. e5 f5 17. b3 Qb7 18. Bb2 Nxd5 19. Nxd5 Qxd5 20. Rd1 Qe4 21.
exd6 Rxa2 22. Qxe4 fxe4 23. Bxg7 Rxf2 24. Kxf2 Kxg7 25. dxe7 Nf6 26. Rd8 Rb7
27. Nd2 Rxe7 28. Ke3 h5 29. g3 Kh7 30. Ke2 Rc7 31. Rd6 Kg7 32. Re6 Rb7 33. Re5
Rb5 34. Kd1 Rb4 35. Kc2 Rd4 36. Rxc5 e3 37. Nf3 e2 38. Re5 Ne4 39. g4 Rd2+ 40.
Nxd2 e1=Q 41. Rxe4 Qf2 42. b4 Qb6 43. g5 Qb5 44. h4 Qa4+ 45. Kb2 Qb5 46. Kc3
Qf5 47. Kd4 Qd7+ 48. Ke3 Qa7+ 49. Rd4 Qa3+ 50. Ke4 Qa8+ 51. Kd3 Qa3+ 52. Kc4
Qc1+ 53. Kb5 Qc7 54. Nc4 Qb7+ 55. Nb6 Qh1 56. f5 gxf5 57. Nd5 Qa1 58. Rc4 Qe5
59. Kc6 Qe6+ 60. Kc5 Qc8+ 61. Kd4 Qb8 62. Rc7+ Kf8 63. g6 Qd8 64. g7+ Kg8 65.
Rc8 1-0

[Event "Open Ciudad de Sabadell 2009"]
[Site "Sabadell ESP"]
[Date "2009.09.01"]
[Round "1.2"]
[White "Martinez Arca, Manuel"]
[Black "Solodovnichenko, Yuri"]
[Result "0-1"]
[WhiteElo "1917"]
[BlackElo "2601"]
[PlyCount "46"]
[EventDate "2009.09.01"]
[EventType "swiss"]
[EventRounds "9"]
[EventCountry "ESP"]
[Source "lmi"]
[SourceDate "2009.09.01"]

1. e4 g6 2. d4 Bg7 3. c4 d6 4. Nc3 e5 5. d5 f5 6. Bd3 Nf6 7. Qc2 f4 8. g3 O-O
9. gxf4 exf4 10. Bxf4 Nxe4 11. Nxe4 Rxf4 12. Ne2 Rf3 13. O-O-O Na6 14. a3 Nc5
15. Nxc5 dxc5 16. h4 Rxf2 17. h5 Bg4 18. hxg6 h5 19. Rde1 Qg5+ 20. Kb1 Re8 21.
Rhf1 Qe3 22. Rxf2 Qxf2 23. Qd1 Re3 0-1

[Event "Open Ciudad de Sabadell 2009"]
[Site "Sabadell ESP"]
[Date "2009.09.01"]
[Round "1.4"]
[White "Navines Monfa, Josep"]
[Black "Cruz, Cristhian"]
[Result "0-1"]
[WhiteElo "1907"]
[BlackElo "2531"]
[PlyCount "62"]
[EventDate "2009.09.01"]
[EventType "swiss"]
[EventRounds "9"]
[EventCountry "ESP"]
[Source "lmi"]
[SourceDate "2009.09.01"]

1. e4 c5 2. Nf3 d6 3. Nc3 a6 4. h3 Nf6 5. a3 g6 6. Bc4 Bg7 7. d3 O-O 8. O-O b5
9. Ba2 Nbd7 10. Bg5 h6 11. Be3 e6 12. Bf4 e5 13. Be3 Kh7 14. Nh2 Nh5 15. Nd5
Rb8 16. g4 Nhf6 17. Nf3 Nxd5 18. Bxd5 f5 19. gxf5 gxf5 20. exf5 Nf6 21. Be4 d5
22. Nxe5 dxe4 23. Nc6 Qd5 24. Ne7 Qe5 25. Ng6 Qxf5 26. Nxf8+ Bxf8 27. dxe4 Qxh3
28. Bf4 Rb7 29. Qd3 Rg7+ 30. Bg3 Nh5 31. e5+ Bf5 0-1

[Event "Open Ciudad de Sabadell 2009"]
[Site "Sabadell ESP"]
[Date "2009.09.01"]
[Round "1.5"]
[White "Almeida Quintana, Omar"]
[Black "Tardio Fran, Emilio"]
[Result "1-0"]
[WhiteElo "2513"]
[BlackElo "1901"]
[PlyCount "45"]
[EventDate "2009.09.01"]
[EventType "swiss"]
[EventRounds "9"]
[EventCountry "ESP"]
[Source "lmi"]
[SourceDate "2009.09.01"]

1. d4 Nf6 2. c4 c5 3. d5 b5 4. Nd2 bxc4 5. e4 d6 6. Bxc4 g6 7. b3 Bg7 8. Bb2
Nbd7 9. Ngf3 O-O 10. Qc2 Qc7 11. h3 Nb6 12. O-O Nxc4 13. bxc4 e5 14. dxe6 fxe6
15. e5 Nh5 16. exd6 Qxd6 17. Bxg7 Nxg7 18. Ne4 Qc7 19. Qc3 Bb7 20. Rfe1 Rf4 21.
Nf6+ Kh8 22. Ng5 Qc6 23. Nf7# 1-0

[Event "Open Ciudad de Sabadell 2009"]
[Site "Sabadell ESP"]
[Date "2009.09.01"]
[Round "1.7"]
[White "Gonzalez Garcia, Jose"]
[Black "Rodriguez Rodriguez, Tomas"]
[Result "1-0"]
[WhiteElo "2509"]
[BlackElo "1878"]
[PlyCount "52"]
[EventDate "2009.09.01"]
[EventType "swiss"]
[EventRounds "9"]
[EventCountry "ESP"]
[Source "lmi"]
[SourceDate "2009.09.01"]

1. d4 d5 2. c4 e6 3. Nf3 Nf6 4. Nc3 Be7 5. Bg5 Nbd7 6. e3 h6 7. Bh4 O-O 8. Rc1
c6 9. Bd3 dxc4 10. Bxc4 Nd5 11. Bg3 N7f6 12. O-O Nxc3 13. bxc3 b5 14. Bd3 Qa5
15. Ne5 Bb7 16. c4 Rac8 17. Qb3 Ba6 18. cxb5 Bxb5 19. Bxb5 cxb5 20. Nc6 Qa3 21.
Qxb5 Nd5 22. e4 Nb6 23. Be5 Bd8 24. Rc2 Nd7 25. Bf4 Nf6 26. Qb7 Qd3 1-0

[Event "Open Ciudad de Sabadell 2009"]
[Site "Sabadell ESP"]
[Date "2009.09.01"]
[Round "1.10"]
[White "Balague Camps, Marc"]
[Black "Ipatov, Alexander"]
[Result "0-1"]
[WhiteElo "1846"]
[BlackElo "2463"]
[PlyCount "42"]
[EventDate "2009.09.01"]
[EventType "swiss"]
[EventRounds "9"]
[EventCountry "ESP"]
[Source "lmi"]
[SourceDate "2009.09.01"]

1. c4 Nf6 2. Nc3 d5 3. cxd5 Nxd5 4. Nf3 g6 5. e4 Nxc3 6. dxc3 Qxd1+ 7. Kxd1 f6
8. Kc2 e5 9. Be3 Nd7 10. Bc4 Bc5 11. Rhe1 Ke7 12. Rad1 Bxe3 13. Rxe3 Nb6 14.
Bb3 a5 15. Kb1 a4 16. Bc2 Nc4 17. Re2 Bg4 18. Bxa4 Rxa4 19. b3 Na3+ 20. Kb2 Ra6
21. c4 b5 0-1

[Event "Open Ciudad de Sabadell 2009"]
[Site "Sabadell ESP"]
[Date "2009.09.02"]
[Round "2.2"]
[White "Solodovnichenko, Yuri"]
[Black "Llaneza Vega, Patricia"]
[Result "1-0"]
[WhiteElo "2601"]
[BlackElo "2277"]
[PlyCount "91"]
[EventDate "2009.09.01"]
[EventType "swiss"]
[EventRounds "9"]
[EventCountry "ESP"]
[Source "lmi"]
[SourceDate "2009.09.01"]

1. e4 c5 2. Nc3 Nc6 3. Nge2 Nd4 4. d3 g6 5. Nxd4 cxd4 6. Ne2 Bg7 7. c3 dxc3 8.
Nxc3 e6 9. d4 Ne7 10. Be2 O-O 11. O-O Qb6 12. Be3 Qxb2 13. Nb5 d5 14. Bd2 a6
15. Bc3 Qxa1 16. Qxa1 axb5 17. Bb4 Re8 18. Bxb5 Nc6 19. e5 Bd7 20. Bxc6 Bxc6
21. Rc1 Bh6 22. Qb1 Rec8 23. Bc5 Ra4 24. a3 Rca8 25. h4 Bf8 26. Bxf8 Kxf8 27.
Rc3 Rc4 28. Qb2 Rca4 29. h5 R8a6 30. h6 Rc4 31. Rf3 b5 32. Qd2 Be8 33. Qf4 b4
34. axb4 Rxb4 35. Qh4 Raa4 36. Qd8 Rb7 37. Rf4 Re7 38. Kh2 Raa7 39. Rf3 Rad7
40. Qa5 Ra7 41. Qb4 Rab7 42. Qd2 Rec7 43. Qg5 Rc4 44. Rf4 Rbb4 45. Qd8 Rb7 46.
Qf6 1-0

[Event "Open Ciudad de Sabadell 2009"]
[Site "Sabadell ESP"]
[Date "2009.09.02"]
[Round "2.3"]
[White "Camino Carrio, Nicanor"]
[Black "Peralta, Fernando"]
[Result "0-1"]
[WhiteElo "2172"]
[BlackElo "2565"]
[PlyCount "42"]
[EventDate "2009.09.01"]
[EventType "swiss"]
[EventRounds "9"]
[EventCountry "ESP"]
[Source "lmi"]
[SourceDate "2009.09.01"]

1. e4 d6 2. d4 Nf6 3. Nc3 g6 4. Bg5 c6 5. Qd2 Bg7 6. f4 O-O 7. Nf3 Bg4 8. O-O-O
b5 9. Bd3 Qa5 10. Kb1 b4 11. Ne2 Nbd7 12. e5 Nd5 13. Bc4 N7b6 14. Bb3 Qb5 15.
h3 Bxf3 16. gxf3 a5 17. f5 a4 18. Bxd5 Nxd5 19. Rdg1 a3 20. Bh6 axb2 21. Bxg7
Qc4 0-1

[Event "Open Ciudad de Sabadell 2009"]
[Site "Sabadell ESP"]
[Date "2009.09.02"]
[Round "2.4"]
[White "Cruz, Cristhian"]
[Black "Avila Jimenez, Javier"]
[Result "1-0"]
[WhiteElo "2531"]
[BlackElo "2192"]
[PlyCount "55"]
[EventDate "2009.09.01"]
[EventType "swiss"]
[EventRounds "9"]
[EventCountry "ESP"]
[Source "lmi"]
[SourceDate "2009.09.01"]

1. c4 e5 2. g3 d6 3. Bg2 Nc6 4. Nc3 g6 5. e3 Be6 6. Nge2 Bg7 7. Nd5 Qd7 8. d4
Nd8 9. b3 c6 10. Ndc3 Bh3 11. Bxh3 Qxh3 12. Ba3 Ne6 13. Ne4 O-O-O 14. Qd3 exd4
15. Nxd6+ Rxd6 16. Bxd6 dxe3 17. O-O-O exf2 18. Qe3 b6 19. Qxf2 Nh6 20. Qf3 Kb7
21. Bb4 Rc8 22. Bc3 Bxc3 23. Nxc3 Rc7 24. Nb5 Ng4 25. Nd6+ Ka6 26. Qd3 c5 27.
b4 cxb4 28. c5+ 1-0

[Event "Open Ciudad de Sabadell 2009"]
[Site "Sabadell ESP"]
[Date "2009.09.02"]
[Round "2.5"]
[White "Alonso Castillo, Sergio"]
[Black "Almeida Quintana, Omar"]
[Result "0-1"]
[WhiteElo "2123"]
[BlackElo "2513"]
[PlyCount "52"]
[EventDate "2009.09.01"]
[EventType "swiss"]
[EventRounds "9"]
[EventCountry "ESP"]
[Source "lmi"]
[SourceDate "2009.09.01"]

1. e4 Nf6 2. e5 Nd5 3. c4 Nb6 4. c5 Nd5 5. Nc3 Nxc3 6. dxc3 Nc6 7. Nf3 e6 8. b4
b6 9. cxb6 axb6 10. Bd3 Bb7 11. O-O Be7 12. Qc2 h6 13. Qe2 f5 14. exf6 Bxf6 15.
Bg6+ Kf8 16. Bb2 Nxb4 17. Ne5 Bxe5 18. Qxe5 Qf6 19. Qxc7 Bxg2 20. Kxg2 Qxg6+
21. Kh1 Nd3 22. Qxd7 Nxb2 23. Rae1 Re8 24. Re3 Qh5 25. Kg2 Nc4 26. Rf3+ Qxf3+
0-1

[Event "Open Ciudad de Sabadell 2009"]
[Site "Sabadell ESP"]
[Date "2009.09.02"]
[Round "2.6"]
[White "Martinez, Duany Lelys Stanley"]
[Black "Escofet Martin, David"]
[Result "1-0"]
[WhiteElo "2511"]
[BlackElo "2172"]
[PlyCount "63"]
[EventDate "2009.09.01"]
[EventType "swiss"]
[EventRounds "9"]
[EventCountry "ESP"]
[Source "lmi"]
[SourceDate "2009.09.01"]

1. Nf3 Nf6 2. g3 b6 3. Bg2 Bb7 4. O-O e6 5. d3 d5 6. Nbd2 Bc5 7. c3 a5 8. Qc2
Nbd7 9. h3 O-O 10. e4 dxe4 11. dxe4 e5 12. Nh4 g6 13. Nb3 Re8 14. Bg5 a4 15.
Nxc5 Nxc5 16. Rad1 Qe7 17. f4 h6 18. fxe5 hxg5 19. exf6 Qe6 20. Nxg6 Bxe4 21.
Bxe4 Qxe4 22. Ne7+ Rxe7 23. fxe7 Qxe7 24. Qf2 Ne6 25. Qf6 Qxf6 26. Rxf6 Kg7 27.
Rf2 Rd8 28. Rxd8 Nxd8 29. h4 gxh4 30. gxh4 Ne6 31. Rg2+ Kf6 32. Rg4 1-0

[Event "Open Ciudad de Sabadell 2009"]
[Site "Sabadell ESP"]
[Date "2009.09.02"]
[Round "2.7"]
[White "Martinez Ramirez, Erik"]
[Black "Gonzalez Garcia, Jose"]
[Result "1/2-1/2"]
[WhiteElo "2114"]
[BlackElo "2509"]
[PlyCount "74"]
[EventDate "2009.09.01"]
[EventType "swiss"]
[EventRounds "9"]
[EventCountry "ESP"]
[Source "lmi"]
[SourceDate "2009.09.01"]

1. e4 c5 2. Nf3 a6 3. c3 e6 4. d4 d5 5. e5 Bd7 6. a4 Nc6 7. Be2 Nge7 8. O-O Ng6
9. Be3 cxd4 10. cxd4 Be7 11. Nc3 O-O 12. Qd2 Rc8 13. Ne1 Na5 14. Qc2 f6 15. f4
Qb6 16. Nf3 Qb3 17. Qxb3 Nxb3 18. Rab1 fxe5 19. fxe5 Nf4 20. Bd1 Na5 21. Ne1
Bg5 22. Bc1 Be8 23. h4 Bh6 24. g3 Nh3+ 25. Kg2 Rxf1 26. Kxf1 Bg6 27. Bxh6 Bxb1
28. Nxb1 gxh6 29. Kg2 Rc1 30. Nc3 Nc4 31. Nd3 Rxc3 32. bxc3 Ne3+ 33. Kxh3 Nxd1
34. a5 Nxc3 35. Nc5 Kf7 36. Nxb7 Ne2 37. Nd8+ Ke7 1/2-1/2

[Event "Open Ciudad de Sabadell 2009"]
[Site "Sabadell ESP"]
[Date "2009.09.02"]
[Round "2.9"]
[White "Castellanos Bogalo, Antonio"]
[Black "Munoz Pantoja, Miguel"]
[Result "0-1"]
[WhiteElo "2083"]
[BlackElo "2479"]
[PlyCount "65"]
[EventDate "2009.09.01"]
[EventType "swiss"]
[EventRounds "9"]
[EventCountry "ESP"]
[Source "lmi"]
[SourceDate "2009.09.01"]

1. e4 d5 2. exd5 Qxd5 3. Ne2 Nc6 4. Nbc3 Qa5 5. d3 Bg4 6. Bd2 O-O-O 7. Ne4 Qb6
8. h3 Bh5 9. Qc1 e5 10. a4 Nb4 11. N2g3 Bg6 12. Nc3 a6 13. Be2 f5 14. a5 Qe6
15. O-O h5 16. Bf3 h4 17. Nge2 Nf6 18. Re1 Qd7 19. Bg5 Kb8 20. Kh1 Bc5 21. Be3
Bxe3 22. fxe3 e4 23. dxe4 fxe4 24. Nf4 exf3 25. Nxg6 fxg2+ 26. Kxg2 Rh6 27. Nf4
g5 28. Nd3 Nxd3 29. cxd3 g4 30. e4 gxh3+ 31. Kh1 Qg4 32. Rg1 Qf3+ 33. Kh2 0-1

[Event "Open Ciudad de Sabadell 2009"]
[Site "Sabadell ESP"]
[Date "2009.09.02"]
[Round "2.10"]
[White "Ipatov, Alexander"]
[Black "Menac Comas, Joan Ramon"]
[Result "1-0"]
[WhiteElo "2463"]
[BlackElo "2119"]
[PlyCount "71"]
[EventDate "2009.09.01"]
[EventType "swiss"]
[EventRounds "9"]
[EventCountry "ESP"]
[Source "lmi"]
[SourceDate "2009.09.01"]

1. d4 Nf6 2. c4 c5 3. d5 a6 4. f3 e5 5. e4 d6 6. Bd3 Be7 7. Ne2 Nbd7 8. Nbc3
Nf8 9. a3 Ng6 10. b4 b6 11. Rb1 h5 12. Bc2 O-O 13. O-O h4 14. Ba4 Nh5 15. Bc6
Ra7 16. a4 Bg5 17. a5 Bxc1 18. Qxc1 cxb4 19. Rxb4 bxa5 20. Rb8 Nhf4 21. Nxf4
Nxf4 22. Qd2 Qg5 23. Kh1 Kh7 24. Rfb1 Rc7 25. Rg1 Nh3 26. Rd1 Nf4 27. Rdb1 Qh5
28. Ne2 h3 29. Nxf4 exf4 30. Qxf4 hxg2+ 31. Kg1 Rd8 32. c5 Rxc6 33. dxc6 Qxc5+
34. Kxg2 Qc2+ 35. Kg3 Bh3 36. Kxh3 1-0

[Event "Open Ciudad de Sabadell 2009"]
[Site "Sabadell ESP"]
[Date "2009.09.03"]
[Round "3.1"]
[White "Fier, Alexandr"]
[Black "Cruz, Filemon"]
[Result "0-1"]
[WhiteElo "2644"]
[BlackElo "2404"]
[PlyCount "130"]
[EventDate "2009.09.01"]
[EventType "swiss"]
[EventRounds "9"]
[EventCountry "ESP"]
[Source "lmi"]
[SourceDate "2009.09.01"]

1. d4 Nf6 2. c4 g6 3. Nc3 d5 4. Nf3 Bg7 5. Qb3 dxc4 6. Qxc4 O-O 7. e4 Nc6 8.
Be2 Nd7 9. Be3 Nb6 10. Qc5 Bg4 11. d5 Bxf3 12. gxf3 Ne5 13. f4 Ned7 14. Qa3 e6
15. O-O-O Bxc3 16. Qxc3 exd5 17. exd5 Nf6 18. Qb3 Nbxd5 19. Qxb7 Qe8 20. Qb3
Rb8 21. Qa3 Nb4 22. Kb1 Nfd5 23. Rhe1 Qe6 24. Rd2 Nc3+ 25. bxc3 Nd3+ 26. Ka1
Nxe1 27. Qc1 Ng2 28. Bxa7 Rb7 29. Bf3 Rxa7 30. Bxg2 c6 31. f5 Qxf5 32. Bxc6 Rc7
33. Bd5 Qe5 34. Kb2 Qxh2 35. Bb3 Qe5 36. Rc2 Rfc8 37. Qd2 Qf6 38. Qd3 Rd8 39.
Qg3 Rcd7 40. Qe3 Rd3 41. Qa7 h5 42. a4 h4 43. a5 Rc8 44. Qb7 Rdd8 45. a6 Rb8
46. Qc7 Rdc8 47. a7 Rxb3+ 48. Kxb3 Qe6+ 49. c4 Rxc7 50. a8=Q+ Rc8 51. Qb7 h3
52. f4 h2 53. Rc1 Rd8 54. Ka4 Qe3 55. Rb1 Qxf4 56. Qc6 Qd4 57. Qc7 Ra8+ 58. Kb5
Qd3 59. Rh1 Qf5+ 60. Kb4 Rc8 61. Qd6 Qe4 62. Qd5 Rb8+ 63. Ka5 Qe3 64. Qd6 Qa7+
65. Qa6 Qc5+ 0-1

[Event "Open Ciudad de Sabadell 2009"]
[Site "Sabadell ESP"]
[Date "2009.09.03"]
[Round "3.2"]
[White "Perez Mitjans, Orelvis"]
[Black "Solodovnichenko, Yuri"]
[Result "0-1"]
[WhiteElo "2397"]
[BlackElo "2601"]
[PlyCount "58"]
[EventDate "2009.09.01"]
[EventType "swiss"]
[EventRounds "9"]
[EventCountry "ESP"]
[Source "lmi"]
[SourceDate "2009.09.01"]

1. e4 c5 2. Nf3 d6 3. d4 Nf6 4. Nc3 cxd4 5. Nxd4 e6 6. Be2 Be7 7. O-O O-O 8.
Be3 Nc6 9. f4 Bd7 10. Nb3 a5 11. Nd2 d5 12. exd5 exd5 13. Nb5 Re8 14. Kh1 a4
15. a3 Bf8 16. Bg1 Bf5 17. Nf3 h6 18. Nfd4 Bd7 19. Bf3 Ne4 20. g3 Bh3 21. Re1
Qd7 22. Qd3 Rad8 23. Nc3 Nxd4 24. Qxd4 Nxc3 25. Rxe8 Rxe8 26. Qxc3 Bf5 27. Rd1
Rc8 28. Qe5 Bxc2 29. Qxd5 Bxd1 0-1

[Event "Open Ciudad de Sabadell 2009"]
[Site "Sabadell ESP"]
[Date "2009.09.03"]
[Round "3.4"]
[White "Garcia Castro, Pablo"]
[Black "Cruz, Cristhian"]
[Result "1-0"]
[WhiteElo "2382"]
[BlackElo "2531"]
[PlyCount "89"]
[EventDate "2009.09.01"]
[EventType "swiss"]
[EventRounds "9"]
[EventCountry "ESP"]
[Source "lmi"]
[SourceDate "2009.09.01"]

1. e4 e6 2. d4 d5 3. e5 c5 4. c3 Nc6 5. Nf3 Qb6 6. Bd3 Bd7 7. O-O cxd4 8. cxd4
Nxd4 9. Nxd4 Qxd4 10. Nc3 a6 11. Qe2 Ne7 12. Kh1 Nc6 13. f4 Qa7 14. f5 Nd4 15.
Qh5 Nxf5 16. Bxf5 g6 17. Bxg6 fxg6 18. Qf3 O-O-O 19. Bg5 Re8 20. Rac1 Bc6 21.
Qf7 Bc5 22. Bf6 Rhg8 23. b4 Be3 24. b5 axb5 25. Nxb5 Qb6 26. Nd6+ Kb8 27. Nxe8
Rxe8 28. Rb1 Qa6 29. Be7 d4 30. Bd6+ Ka8 31. Rb3 d3 32. Ra3 Ba4 33. Qxe8+ Bxe8
34. Rxa6+ bxa6 35. Rf8 d2 36. Rxe8+ Ka7 37. Bb8+ Kb7 38. Rd8 Bg5 39. Rd6 Kxb8
40. g3 Bh6 41. Kg2 Kc7 42. Kf3 Bg7 43. Ke4 Bh6 44. g4 Bg5 45. h4 1-0

[Event "Open Ciudad de Sabadell 2009"]
[Site "Sabadell ESP"]
[Date "2009.09.03"]
[Round "3.5"]
[White "Almeida Quintana, Omar"]
[Black "Perpinya Rofes, Lluis Maria"]
[Result "1-0"]
[WhiteElo "2513"]
[BlackElo "2315"]
[PlyCount "103"]
[EventDate "2009.09.01"]
[EventType "swiss"]
[EventRounds "9"]
[EventCountry "ESP"]
[Source "lmi"]
[SourceDate "2009.09.01"]

1. d4 Nf6 2. Nf3 g6 3. Bf4 Bg7 4. e3 O-O 5. h3 c5 6. c3 d6 7. Be2 b6 8. O-O Bb7
9. Nbd2 Nbd7 10. a4 a6 11. Bh2 Ne4 12. Nxe4 Bxe4 13. Qb3 Nf6 14. Nd2 Bc6 15.
Bf3 Bxf3 16. Nxf3 Qc7 17. Rfe1 Ne4 18. Qd5 Nf6 19. Qc4 Qb7 20. Qd3 Qe4 21. Qe2
Rfc8 22. Rec1 cxd4 23. cxd4 Qb7 24. Nd2 Rxc1+ 25. Rxc1 Rc8 26. Rxc8+ Qxc8 27.
Qc4 Qxc4 28. Nxc4 Nd7 29. Kf1 d5 30. Nd2 e6 31. Ke2 Bf8 32. Kd3 Bb4 33. Nb3 Kf8
34. Bc7 Ke7 35. a5 bxa5 36. Bxa5 Bd6 37. f3 Nb8 38. e4 Kd7 39. Bb6 Kc6 40. Bc5
Bxc5 41. Nxc5 e5 42. g4 dxe4+ 43. Nxe4 exd4 44. Kxd4 Kb5 45. Kc3 Kc6 46. Ng5 f6
47. Nxh7 Nd7 48. Kb4 g5 49. Kc4 Kd6 50. Kd4 Ke6 51. f4 Kf7 52. fxg5 1-0

[Event "Open Ciudad de Sabadell 2009"]
[Site "Sabadell ESP"]
[Date "2009.09.03"]
[Round "3.6"]
[White "Vehi Bach, Victor Manuel"]
[Black "Martinez, Duany Lelys Stanley"]
[Result "1/2-1/2"]
[WhiteElo "2381"]
[BlackElo "2511"]
[PlyCount "67"]
[EventDate "2009.09.01"]
[EventType "swiss"]
[EventRounds "9"]
[EventCountry "ESP"]
[Source "lmi"]
[SourceDate "2009.09.01"]

1. e4 c5 2. Nf3 Nc6 3. d4 cxd4 4. Nxd4 g6 5. c4 Bg7 6. Be3 Nf6 7. Nc3 O-O 8.
Be2 d6 9. O-O Bd7 10. Qd2 Nxd4 11. Bxd4 Bc6 12. Bd3 a5 13. Rae1 a4 14. Nd5 Nd7
15. Bxg7 Kxg7 16. Re3 e5 17. Rh3 h5 18. Nc3 Nc5 19. Rd1 Qe7 20. Bc2 Rfd8 21.
Re3 Qe6 22. b4 axb3 23. axb3 Qe7 24. b4 Ne6 25. b5 Be8 26. Rd3 Nf4 27. Nd5 Nxd5
28. Rxd5 Ra2 29. Qc3 Rda8 30. Bb3 Re2 31. Qd3 Rb2 32. Qc3 Re2 33. Qd3 Rb2 34.
Qc3 1/2-1/2

[Event "Open Ciudad de Sabadell 2009"]
[Site "Sabadell ESP"]
[Date "2009.09.03"]
[Round "3.7"]
[White "Lorenzo De La Riva, Lazaro"]
[Black "Bacallao Alonso, Yusnel"]
[Result "1/2-1/2"]
[WhiteElo "2304"]
[BlackElo "2507"]
[PlyCount "20"]
[EventDate "2009.09.01"]
[EventType "swiss"]
[EventRounds "9"]
[EventCountry "ESP"]
[Source "lmi"]
[SourceDate "2009.09.01"]

1. Nf3 Nf6 2. g3 b5 3. Bg2 Bb7 4. d3 e6 5. O-O c5 6. e4 d6 7. Nbd2 Nbd7 8. Re1
Be7 9. Nf1 O-O 10. h4 Re8 1/2-1/2

[Event "Open Ciudad de Sabadell 2009"]
[Site "Sabadell ESP"]
[Date "2009.09.03"]
[Round "3.8"]
[White "Munoz Pantoja, Miguel"]
[Black "Ryan, Joseph"]
[Result "1/2-1/2"]
[WhiteElo "2479"]
[BlackElo "2292"]
[PlyCount "50"]
[EventDate "2009.09.01"]
[EventType "swiss"]
[EventRounds "9"]
[EventCountry "ESP"]
[Source "lmi"]
[SourceDate "2009.09.01"]

1. e4 e6 2. d4 d5 3. Nd2 Nf6 4. e5 Nfd7 5. Bd3 c5 6. c3 Nc6 7. Ne2 cxd4 8. cxd4
f6 9. exf6 Nxf6 10. O-O Bd6 11. Nf3 Qc7 12. Bg5 O-O 13. Rc1 h6 14. Bh4 Nh5 15.
Bg3 Nxg3 16. fxg3 Qb6 17. Bb1 e5 18. Nc3 Nxd4 19. Nxd5 Nxf3+ 20. Kh1 Qxb2 21.
gxf3 Bh3 22. Rc2 Qa3 23. Rc3 Qb2 24. Rc2 Qa3 25. Rc3 Qa5 1/2-1/2

[Event "Open Ciudad de Sabadell 2009"]
[Site "Sabadell ESP"]
[Date "2009.09.03"]
[Round "3.9"]
[White "Douriet Duany, Alexis"]
[Black "Ipatov, Alexander"]
[Result "0-1"]
[WhiteElo "2302"]
[BlackElo "2463"]
[PlyCount "160"]
[EventDate "2009.09.01"]
[EventType "swiss"]
[EventRounds "9"]
[EventCountry "ESP"]
[Source "lmi"]
[SourceDate "2009.09.01"]

1. d4 d5 2. Nf3 Nf6 3. c4 dxc4 4. Nc3 a6 5. a4 Nc6 6. Bg5 h6 7. Bxf6 exf6 8. e3
Na5 9. Nd2 Be6 10. Qf3 Bb4 11. Be2 O-O 12. O-O c5 13. Rfd1 cxd4 14. exd4 Bxc3
15. Qxc3 Bd5 16. Nf1 Nb3 17. Ra3 b5 18. Ne3 Rb8 19. axb5 axb5 20. Qb4 Be4 21.
d5 f5 22. d6 Qg5 23. h4 Qg6 24. Bf1 f4 25. Nd5 Qg4 26. Qe1 Bf3 27. Rxb3 Bxd1
28. Rc3 Bb3 29. Qe4 Kh8 30. Nxf4 Rbe8 31. Qd4 Re1 32. Rg3 Rxf1+ 33. Kxf1 Qd1+
34. Qxd1 Bxd1 35. Re3 Rd8 36. Re5 Rxd6 37. Rxb5 Rd4 38. Nd5 Rxh4 39. Ke1 Bb3
40. Ne3 Rd4 41. Rb7 Kg8 42. Rc7 h5 43. g3 g6 44. Rc5 Kf8 45. Rc7 Kg7 46. Rc6
Kf8 47. Rc7 Kg7 48. Rc6 h4 49. gxh4 Rxh4 50. Ke2 Rd4 51. Ke1 f5 52. f3 f4 53.
Ng4 Rd1+ 54. Ke2 Rb1 55. Ne5 Rxb2+ 56. Ke1 Rb1+ 57. Ke2 Ba4 58. Rxg6+ Kh7 59.
Rf6 c3 60. Rf7+ Kh6 61. Rc7 c2 62. Nd3 Rd1 63. Rc5 Kg7 64. Nb2 c1=Q 65. Rxc1
Rxc1 66. Nxa4 Rc4 67. Nb6 Rd4 68. Nc8 Kf6 69. Na7 Ra4 70. Nb5 Kg5 71. Nd6 Kh4
72. Ne4 Ra2+ 73. Kf1 Kh3 74. Kg1 Ra1+ 75. Kf2 Ra2+ 76. Kf1 Ra3 77. Kf2 Kh2 78.
Ng5 Ra2+ 79. Kf1 Kg3 80. Ke1 Ra5 0-1

[Event "Open Ciudad de Sabadell 2009"]
[Site "Sabadell ESP"]
[Date "2009.09.04"]
[Round "4.3"]
[White "Ipatov, Alexander"]
[Black "Garcia Castro, Pablo"]
[Result "1/2-1/2"]
[WhiteElo "2463"]
[BlackElo "2382"]
[PlyCount "49"]
[EventDate "2009.09.01"]
[EventType "swiss"]
[EventRounds "9"]
[EventCountry "ESP"]
[Source "lmi"]
[SourceDate "2009.09.01"]

1. d4 c5 2. d5 e5 3. c4 d6 4. e4 Nf6 5. Nc3 Be7 6. a3 a6 7. Nf3 Nbd7 8. Be2 h5
9. O-O h4 10. Ne1 Nf8 11. b4 b6 12. Nd3 Ng6 13. Rb1 Nd7 14. Bg4 Bg5 15. bxc5
bxc5 16. Qa4 Bxc1 17. Rfxc1 Ne7 18. f4 O-O 19. fxe5 Nxe5 20. Nxe5 dxe5 21. Bxc8
Nxc8 22. Qc2 Nd6 23. Na4 Qg5 24. Qe2 Rac8 25. Rf1 1/2-1/2

[Event "Open Ciudad de Sabadell 2009"]
[Site "Sabadell ESP"]
[Date "2009.09.04"]
[Round "4.4"]
[White "Peralta, Fernando"]
[Black "Cruz, Jonathan"]
[Result "1-0"]
[WhiteElo "2565"]
[BlackElo "2292"]
[PlyCount "67"]
[EventDate "2009.09.01"]
[EventType "swiss"]
[EventRounds "9"]
[EventCountry "ESP"]
[Source "lmi"]
[SourceDate "2009.09.01"]

1. d4 Nf6 2. c4 e6 3. Nc3 Bb4 4. e3 c5 5. Nge2 b6 6. a3 Ba5 7. Rb1 Na6 8. Ng3
Bb7 9. Bd3 O-O 10. O-O Bxc3 11. bxc3 cxd4 12. cxd4 d5 13. Bb2 Rc8 14. cxd5 Nxd5
15. Qd2 Qg5 16. f4 Qe7 17. e4 Ndc7 18. f5 f6 19. fxe6 Nxe6 20. Nf5 Qd7 21. d5
Nec5 22. Bc2 Rce8 23. Rf4 Ne6 24. Rg4 Nac5 25. h4 g6 26. h5 Ng7 27. Nh6+ Kh8
28. hxg6 hxg6 29. Rf1 Qe7 30. Rh4 Nh5 31. Ng4 Nd7 32. Ba4 Ba6 33. Bxd7 Qxd7 34.
Rxf6 1-0

[Event "Open Ciudad de Sabadell 2009"]
[Site "Sabadell ESP"]
[Date "2009.09.04"]
[Round "4.5"]
[White "Martinez, Duany Lelys Stanley"]
[Black "Burgos Figueroa, Carlos E"]
[Result "1-0"]
[WhiteElo "2511"]
[BlackElo "2306"]
[PlyCount "99"]
[EventDate "2009.09.01"]
[EventType "swiss"]
[EventRounds "9"]
[EventCountry "ESP"]
[Source "lmi"]
[SourceDate "2009.09.01"]

1. Nf3 g6 2. g3 Bg7 3. Bg2 c5 4. O-O Nc6 5. d3 e5 6. e4 Nge7 7. Nc3 d6 8. Nh4
O-O 9. f4 exf4 10. Bxf4 Ne5 11. Qd2 Be6 12. Rae1 Qd7 13. Bh6 N7c6 14. Nf5 gxf5
15. Bxg7 Kxg7 16. Qg5+ Ng6 17. exf5 f6 18. fxe6 fxg5 19. exd7 Rxf1+ 20. Rxf1
Rd8 21. Ne4 Rxd7 22. Nxg5 Re7 23. Be4 h6 24. Nh3 Nce5 25. Nf4 Nxf4 26. Rxf4 b5
27. Kf2 a5 28. Bd5 Ng6 29. Re4 Kf6 30. Ke3 Re5 31. Bc6 b4 32. c3 Ne7 33. Rxe5
Kxe5 34. d4+ Ke6 35. Bg2 c4 36. Be4 d5 37. Bh7 Nc6 38. g4 Kf7 39. Bc2 Ne7 40.
h4 Kf6 41. Kf4 Nc6 42. g5+ hxg5+ 43. hxg5+ Ke6 44. Bf5+ Ke7 45. Bc8 a4 46. a3
b3 47. Ke3 Na7 48. Bb7 Ke6 49. g6 Nb5 50. Bxd5+ 1-0